00321pab a2200109 454500008003600000100001800036245004500054650001100099650001300110650001400123773007400137180718b xxu||||| |||| 00| 0 eng d aAllen, Hubert aAre Britain or India really democracies? a India a Britain aDemocracy aQuarterly Journal of the All India Institute of Local Self-Government